000 00446nam a22001817a 4500
003 koha_MIRAKIL
005 20231213065348.0
008 231213b |||||||| |||| 00| 0 ||| d
020 _b978-9-94442580-3
040 _aTR-IsEVY
_btur
_cTR-IsEVY
082 _a810 TEZ/T
100 _aTEZEL, NAKİ.
245 0 _aTÜRK MASALLARI.
260 _bBİLGE KÜLTÜR SANAT,
_c2009
300 _a527.
650 _aTürk Edebiyatı.
942 _2ddc
_cBK
999 _c2378
_d2378